ロード中...
| LEADER | 00638nam a2200241Ia 4500 | ||
|---|---|---|---|
| 008 | 141122s9999 xx 000 0 und d | ||
| 020 | |a 9780330487108 | ||
| 040 | |c . | ||
| 041 | |a English | ||
| 082 | |a 823 | ||
| 082 | |b NAI/MI | ||
| 100 | |a V S Naipaul | ||
| 245 | |a Mimic Men | ||
| 245 | |c V S Naipaul | ||
| 260 | |b London | ||
| 260 | |b Picador | ||
| 260 | |c 2002 | ||
| 300 | |a 274 Pages | ||
| 365 | |a 225/- | ||
| 650 | |a Fiction | ||
| 942 | |c BK | ||
| 999 | |c 5752 |d 5752 | ||
| 952 | |0 0 |1 0 |4 0 |6 823_000000000000000_NAIMI |7 0 |9 5710 |a COVAS |b COVAS |d 0000-00-00 |g 225.00 |l 10 |o 823 NAI/MI |p 21543 |r 2016-11-18 |s 2016-11-08 |w 2014-11-26 |y BK | ||